| 000 | nam a22 4500 | ||
|---|---|---|---|
| 999 |
_c8867 _d8867 |
||
| 008 | 180316b ||||| |||| 00| 0 eng d | ||
| 100 |
_926846 _aFr. San Luis, Bel R., SVD |
||
| 245 |
_aIs work merely money making? _cFr. Bel R. San Luis, SVD |
||
| 260 |
_aPhilippines _bManila Bulletin _cc2017 |
||
| 300 | _apage 10. | ||
| 650 | 0 |
_926847 _aEmployment. |
|
| 942 |
_2ddc _cPER |
||